| 000 | 004330000a22001810004500 | ||
|---|---|---|---|
| 003 | MACL | ||
| 005 | 20150812174339.0 | ||
| 008 | 150812b xxu||||| |||| 00| 0 eng d | ||
| 040 |
_aMACL _cMACL |
||
| 041 | _aEnglish | ||
| 082 | _a370/MOH | ||
| 100 |
_aMohanty, S B _95175 |
||
| 245 | _aNonF̜ormal Education | ||
| 260 |
_bChugh Publications _c1985 _aAllahabad |
||
| 350 | _a120 | ||
| 650 |
_aEducation _95176 |
||
| 942 |
_cBK _k370 _2ddc |
||
| 999 |
_c5498 _d5498 |
||